000 00604nam a22001817a 4500
005 20251108171118.0
008 250721s1992 xx 000 0 ara d
082 1 4 _a201/بسي
100 1 _aالبسيوني، عبد السلام
245 1 0 _aالألوهية في العقائد الشعبية على ضوء الكتاب و السنة /
264 1 _aالإسكندرية :
_bدار الإيمان للطبع و النشر،
_c1992.
300 _a277ص.
650 1 7 _aالديانات
650 1 7 _aفلسفة و نظريات
650 1 7 _aالتوحيد
942 _2ddc
_cBK
999 _c56925
_d56925